000 01723nam0a22004571 4500
001 v19\rc\1375649
005 20251225061903.0
035 _a(NLR Aleph) 004458168
090 _a4505407
_c4505407
100 _a20060512d1868 u y0rusy50 ca
101 1 _arus
_ceng
102 _aRU
105 _ay z |||||
135 _acrcn 024anaba
200 1 _aФизическая география
_fМери Сомервилль, авт. соч. Connexion of the physical sciences (Связь физических наук), Mechanism of the heavens (Механизм неба) и пр. и пр.
_gПер. с англ. 5-го изд. Андрей Мин
210 _aМосква
_cА.И. Глазунов
_d1868
215 _aXVI, 679 с.
_d27
325 _aКопия доступна в Электрон. б-ке РНБ
700 1 _9z01790
_aСомервилль
_bМ.
_f1780-1872
_gМэри
702 1 _aМин
_bА.
_gАндрей
_4730
790 1 _9z01700
_aСомервилль
_bМ.
_f1780-1872
_gМери
801 0 _aRU
_bNLR
_gpsbo
801 0 _aRU
_bRuMoRGB
_2psbo
801 1 _aRU
_bProSoft-M
_2rusmarc
852 _aNLR
_j133/6572
852 _aNLR
_j18.86.5.70
856 0 _uhttps://vivaldi.nlr.ru/bx000076603/view
856 1 _uhttps://vivaldi.nlr.ru/bx000076603/cover
856 2 _uhttps://vivaldi.nlr.ru/bx000076603/text
899 _aRuMoRGB
_jM 49/83
899 _aRuMoRGB
_jE 68/15
899 _aБАН
899 _aНБ СПбГУ
899 _aГПИБ
899 _aНБ МГУ
901 _eКнижные издания
942 _cBOOK
980 _aNB
980 _ahounb